000
00314nam a2200133Ia 4500
008
190216s9999||||xx |||||||||||||| ||und||
100
_a
Sachdeva T N&Amp; Sachadev Sk
245
0
_a
Indian Planning
250
_a
4th Ed.
260
_b
Sudha Pubs Pvt Ltd
_c
1980
300
_a
216
650
_a
Economics
942
_c
BK
999
_c
9462
_d
9462